| 000 | 00993 a2200241 4500 | ||
|---|---|---|---|
| 999 |
_c1571 _d1571 |
||
| 005 | 20190423120715.0 | ||
| 010 | _aHIN-79324, B-237111 | ||
| 020 |
_c175.00 _a8177210920 |
||
| 035 | _aHN-51670 | ||
| 035 | _aB-237086, B-237100 | ||
| 035 | _aB-237107 ,B-237082 | ||
| 035 | _aB-237109, B-237111, B-237112 | ||
| 037 | _bD.B.Act / pub | ||
| 082 | _a303.484 | ||
| 100 | _aअग्रावल, ए.एन. | ||
| 245 |
_aएक हजार(1000) गांधी प्रश्नोत्तरी _cए.एन.अग्रवाल |
||
| 246 |
_a1000 Gandhi prashnottari _bby A. N. Aggarwal |
||
| 260 |
_aदिल्ली _bसत्साहित्य प्रकाशन _c2007 |
||
| 270 |
_a205-सी चावड़ी बाजार _bदिल्ली _e110006 |
||
| 300 |
_a191पृ _c22 सेमी (सजिल्द) |
||
| 942 |
_adpl _cHN _k303.484 / अग्रवा _2ddc _h303.484 _mअग्रवा |
||